|
|
|
|
| LEADER |
01264nam a2200325 a 4500 |
| 001 |
000489043 |
| 003 |
CZ BrMZK |
| 005 |
20060301130043.0 |
| 007 |
ta |
| 008 |
920406s1991 xr a f 000 m cze d |
| 015 |
|
|
|a cnb000065949
|
| 020 |
|
|
|a 80-900608-0-3
|q (Brož.) :
|c 24 Kčs
|
| 035 |
|
|
|a (OCoLC)39600464
|
| 040 |
|
|
|a BOA001
|b cze
|
| 080 |
|
|
|a 885.0-93-311.3
|2 MRF
|
| 100 |
1 |
|
|a Šustr, Vladimír,
|d 1913-1987
|7 jk01131762
|4 aut
|
| 245 |
1 |
0 |
|a Lamí muž :
|b dobrodružný román pro mládež /
|c Vladimír Šustr ; ilustroval Dan Kolouch
|
| 250 |
|
|
|a 1. vyd.
|
| 260 |
|
|
|a Tanvald :
|b O. Sovina,
|c 1991
|
| 300 |
|
|
|a 122 s. :
|b il. ;
|c 21 cm
|
| 490 |
1 |
|
|a Společnost věčné punčochy
|
| 500 |
|
|
|a Dostupné též v digitální podobě v aplikaci Kramerius
|
| 700 |
1 |
|
|a Kolouch, Dan
|4 ill
|
| 830 |
|
0 |
|a Společnost věčné punčochy
|
| 856 |
4 |
1 |
|u http://www.digitalniknihovna.cz/mzk/uuid/uuid:3b5ff9b0-c95b-11e4-af6e-005056827e51
|y Digitalizovaný dokument
|x NDK
|
| 910 |
|
|
|a BOA001
|b 2-0971.210
|b PK-0115.890
|
| 920 |
|
|
|a 000310635
|
| 990 |
|
|
|a BK
|
| 996 |
7 |
|
|b 2619346226
|c 2-0971.210
|l MZK
|r Sklad / do 1 hodiny
|n 0
|w 000489043
|u 000010
|a 1
|e BOA001
|j MZK50
|s A
|
| 996 |
7 |
|
|b 3119925853
|c PK-0115.890
|l MZK
|r Sklad / do 1 hodiny
|n 2
|w 000489043
|u 000020
|a 1
|e BOA001
|j MZK50
|s A
|